=LDR 00000nam 2200000 4500 =001 NUTBA000000000004769 =005 20140930162433.0 =006 =007 =008 =020 ##$$a 979-526-748-5 =035 ##$$a 0010-091400000000802 =082 ##$$a 155.412 =100 ##$$a sjarkawi =245 ##$$a pembentukan kepribadian anak =250 ##$$a cet.111.2009 =260 ##$$a jakarta $b bumi aksara $c 2009 =300 ##$$a 147 hlm $c 23 cm =990 ##$$a 0001/BPAP-NTB/20142014